Nobelova cena za ekonómiu za rok 2013

Nobelovu cenu za ekonómiu (Cena Švédskej centrálnej banky na pamiatku Alfreda Nobela) za rok 2013 dostali americkí vedci Eugene Fama, Robert Shiller a Lars Peter Hansen. Oznámila to Švédska kráľovská akadémia vied. Ich výskumy pomáhajú pochopiť burzové ceny z hľadiska dlhého časového obdobia a zaráb...

Descrizione completa

Salvato in:
Dettagli Bibliografici
Autore principale: Bačišin, Vladimír
Natura: Capitolo di libro
Lingua:slovacco
Soggetti:
Tags: Aggiungi Tag
Nessun Tag, puoi essere il primo ad aggiungerne!!

MARC

LEADER 00000nla a2200000 4500
001 0188932
005 20240208121822.7
041 0 |a slo 
044 |a SK 
245 1 0 |a Nobelova cena za ekonómiu za rok 2013  |c Vladimír Bačišin 
520 |a Nobelovu cenu za ekonómiu (Cena Švédskej centrálnej banky na pamiatku Alfreda Nobela) za rok 2013 dostali americkí vedci Eugene Fama, Robert Shiller a Lars Peter Hansen. Oznámila to Švédska kráľovská akadémia vied. Ich výskumy pomáhajú pochopiť burzové ceny z hľadiska dlhého časového obdobia a zarábať na kapitálovom trhu. 
610 2 0 |a Nobelova cena 
610 2 0 |a ceny burzové 
610 2 0 |a Fama, Eugene 
610 2 0 |a Shiller, Robert 
610 2 0 |a Hansen, Lars Peter 
610 2 0 |a trh kapitálový 
100 1 |a Bačišin, Vladimír